000 00610nam a22002177a 4500
003 UA-OsUOA
001 58235
007 ta
008 20090203b un ||||| |||| 00| 0 ukr d
100 _aВишневська І.
090 _a330(477)
_bВ55
942 _cSA
040 _aUA-OsUOA
_bukr
_cUA-OsUOA
_dUA-OsUOA
245 _aКризовий розквіт: прогнози на І квартал 2009 року
300 _aС.5
955 _a0
041 _aukr
080 _a330(477)
773 0 _w58234
_tУкраїна- business
_dК.
_d2009
_g2
650 7 _a330 Економіка взагалі
_2UDC
999 _c344317
_d344317